| 000 | 00645nam a2200241 a 4500 | ||
|---|---|---|---|
| 001 | 40752 | ||
| 003 | BD-RjUL | ||
| 005 | 20211209053256.0 | ||
| 008 | 160509r19581970xxu||||| |||| 001 0 eng d | ||
| 020 | _a0804705402 | ||
| 020 | _a9780804705400 | ||
| 035 | _a(BD-RjUL)40867 | ||
| 040 |
_aBD-RjUL _beng _cBD-RjUL |
||
| 041 | _aeng | ||
| 082 |
_223 _a323.44 _bBAS 1970 |
||
| 100 |
_aBay, Christian _9125396 |
||
| 245 | 1 | 4 |
_aThe structure of freedom / _cChristian Bay |
| 260 |
_aCalifornia : _b Stanford University Press, _c1970 |
||
| 300 |
_axii, 419p. ; _c25 cm. |
||
| 504 | _aIncludes index | ||
| 650 |
_aLiberty _9125356 |
||
| 942 |
_2ddc _cBK |
||
| 999 |
_c40752 _d40752 |
||